MRI IN PRACTICE (Record no. 23741)

MARC details
000 -LEADER
fixed length control field 00342nam a22001577a 4500
003 - CONTROL NUMBER IDENTIFIER
control field SGT
020 ## - INTERNATIONAL STANDARD BOOK NUMBER
International Standard Book Number 9781119391968
082 ## - DEWEY DECIMAL CLASSIFICATION NUMBER
Classification number 616.0757
Item number M19W
100 ## - MAIN ENTRY--PERSONAL NAME
Personal name WESTBROOK, CATHERINE
245 ## - TITLE STATEMENT
Title MRI IN PRACTICE
250 ## - EDITION STATEMENT
Edition statement 5TH
260 ## - PUBLICATION, DISTRIBUTION, ETC. (IMPRINT)
Place of publication, distribution, etc U.K.
Name of publisher, distributor, etc WILEY BLACK PUB
Year of Publication 2019
300 ## - PAGE DESCRIPTION
No. of Pages 395
650 ## - SUBJECT ADDED ENTRY--TOPICAL TERM
Topical term or geographic name as entry element RADIOLOGY
942 ## - ADDED ENTRY ELEMENTS (KOHA)
Source of classification or shelving scheme Dewey Decimal Classification
Koha item type Books
942 ## - ADDED ENTRY ELEMENTS (KOHA)
-- 68
Holdings
Withdrawn status Lost status Source of classification or shelving scheme Damaged status Not for loan Collection code Home library Current library Shelving location Date acquired Vendor Name Cost, normal purchase price SGTU Bill Number Total Checkouts Total Renewals Full call number Accession No. (Barcode) Date last seen Date last borrowed Bill Date Koha item type
    Dewey Decimal Classification     MEDICAL SGT Medical Library SGT Medical Library Reference Book 30/01/2023 ABC DELHI 5442.00 SGTU 15633 20 3 616.0757 M19W FM13471 06/11/2025 29/10/2025 02/01/2023 Books
    Dewey Decimal Classification     MEDICAL SGT Medical Library SGT Medical Library Reference Book 30/01/2023 ABC DELHI 5442.00 SGTU 15633 23 2 616.0757 M19W FM13472 06/11/2025 24/10/2025 02/01/2023 Books
    Dewey Decimal Classification     MEDICAL SGT Medical Library SGT Medical Library Reference Book 30/01/2023 ABC DELHI 5442.00 SGTU 15633 24 1 616.0757 M19W FM13473 08/09/2025 21/08/2025 02/01/2023 Books
    Dewey Decimal Classification   Not For Loan MEDICAL SGT Medical Library SGT Medical Library Reference Book 30/01/2023 ABC DELHI 5442.00 SGTU 15633     616.0757 M19W FM13474 30/01/2023   02/01/2023 Books
    Dewey Decimal Classification     MEDICAL SGT Medical Library SGT Medical Library Reference Book 30/01/2023 ABC DELHI 5442.00 SGTU 15633 20 1 616.0757 M19W FM13475 29/09/2025 21/08/2025 02/01/2023 Books